Colombia first national report : (Registro nro. 2833)
[ vista simple ]
| 000 -CABECERA | |
|---|---|
| Campo de control | 00846nam a2200217 a 4500 |
| 005 - FECHA Y HORA DE LA ULTIMA TRANSACCION | |
| Campo de control | 20200104041536.0 |
| 008 - ELEMENTOS DE LONGITUD FIJA—INFORMACION GENERAL | |
| Campo de control | 140121b1998 ck ||||| |||| 00| 0 spa d |
| 040 ## - FUENTE DE CATALOGACIÓN | |
| Agencia catalogadora original | CO-BoIAVH |
| Agencia transcriptora | CO-BoIAVH |
| 041 ## - IDIOMA | |
| Código de idioma para texto/pista de sonido o título separado | Inglés |
| 044 ## - PAÍS DE PUBLICACIÓN | |
| País de publicación | Colombia |
| 082 04 - NUMERO DE CLASIFICACION DECIMAL DEWEY | |
| Número de clasificación | 333.7 |
| Número del ítem | M66c |
| 110 2# - ASIENTO PRINCIPAL--NOMBRE CORPORATIVO | |
| Nombre corporativo o de jurisdicción como elemento de entrada | Instituto de Investigación de Recursos Biológicos Alexander von Humboldt |
| 9 (RLIN) | 204 |
| 245 10 - MENCION DE TITULO | |
| Título | Colombia first national report : |
| Parte restante del título | progress in the implementation of the convention on biological diversity |
| 260 ## - PUBLICACION, DISTRIBUCION, ETC. (PIE DE IMPRENTA) | |
| Lugar de publicación, distribución, etc. | Bogotá : |
| Nombre del editor, distribuidor, etc. | Minambiente, |
| Fecha de publicación, distribución, etc. | 1998 |
| 300 ## - DESCRIPCION FISICA | |
| Extensión | 53 páginas : |
| Otros detalles físicos | ilustraciones ; |
| Dimensiones | 29 x 21 cm. |
| 650 26 - ASIENTO SECUNDARIO DE MATERIA - TERMINO TEMATICO | |
| Término temático o nombre geográfico como elemento de entrada | Biodiversidad |
| Subdivisión de forma | estado del conocimiento |
| Subdivisión geográfica | Colombia |
| 9 (RLIN) | 89513 |
| 650 26 - ASIENTO SECUNDARIO DE MATERIA - TERMINO TEMATICO | |
| Término temático o nombre geográfico como elemento de entrada | Biodiversidad |
| Subdivisión de forma | conservación |
| Subdivisión geográfica | Colombia |
| 9 (RLIN) | 89514 |
| 650 26 - ASIENTO SECUNDARIO DE MATERIA - TERMINO TEMATICO | |
| Término temático o nombre geográfico como elemento de entrada | Política ambiental |
| Subdivisión geográfica | Colombia |
| 9 (RLIN) | 89515 |
| 710 1# - ASIENTO SECUNDARIO - NOMBRE CORPORATIVO | |
| Nombre corporativo o de jurisdicción como elemento de entrada | Colombia. |
| Unidad subordinada | Ministerio del Medio Ambiente |
| 9 (RLIN) | 89516 |
| 942 ## - ELEMENTOS ADICIONALES (KOHA) | |
| Tipo de ítem | Libro |
| Sistema de clasificación | Dewey Decimal Classification |
| Withdrawn status | Lost status | Sistema de Clasificación | Damaged status | No para préstamo | Colección | Inventariado | Ubicación Permanente | Ubicación actual | Fecha de adquisición | Valor | Total Checkouts | Número topográfico | Inventario / Código de Barras | Date last seen | Ejemplar | Price effective from | Forma de adquisición | Tipo de material |
|---|---|---|---|---|---|---|---|---|---|---|---|---|---|---|---|---|---|---|
| Dewey Decimal Classification | Humboldt | Inventariado 2017 | Bogotá | Bogotá | 08/09/2016 | 30000.00 | IAVH-333.7 M66c | 034667 | 08/09/2016 | Ej. 3 | 08/09/2016 | Institucional | Libro | |||||
| Dewey Decimal Classification | Humboldt | Bogotá | Bogotá | 05/12/2019 | IAVH-333.7 M66c | 043846 | 05/12/2019 | Ej.4 | 05/12/2019 | Institucional | Libro | |||||||
| Dewey Decimal Classification | Humboldt | Inventariado 2017 | Sala Fabio Quevedo | Sala Fabio Quevedo | 18/07/2014 | 30000.00 | IAvH-333.7 M66c | 008256 | 04/12/2012 | Ej. 1 | 04/12/2012 | Libro | ||||||
| Dewey Decimal Classification | Humboldt | Inventariado 2017 | Sala Fabio Quevedo | Sala Fabio Quevedo | 18/07/2014 | 30000.00 | IAvH-333.7 M66c | 015469 | 04/12/2012 | Ej. 2 | 04/12/2012 | Libro | ||||||
| Local | Humboldt | Inventariado 2017 | Villa de Leyva | Villa de Leyva | 05/08/2002 | 30000.00 | IAvH-00208 | 008255 | 04/12/2012 | Ej.1 | 04/12/2012 | Institucional | Libro |